00305nam a2200121Ia 4500008004100000082001600041100001800057245004300075250000800118260003300126300000800159650001600167191201s2004 xx 000 0 und d a004.22bHAC aHayes, John P 0aComputer Architecture and Organization a3rd aN.DelhibM C Graw Hillc2004 a604 aB.Tech(CSE)